<?xml version="1.0" encoding="UTF-8"?>
<collection xmlns="http://www.loc.gov/MARC21/slim">
 <record>
  <leader>04024ntm a22005177i 4500</leader>
  <controlfield tag="001">000727725</controlfield>
  <controlfield tag="003">CZ-PrVSE</controlfield>
  <controlfield tag="005">20260201122909.0</controlfield>
  <controlfield tag="006">m        d</controlfield>
  <controlfield tag="007">cr n||||||||||</controlfield>
  <controlfield tag="008">260201s2025    xr     fsbm   000 0 cze d</controlfield>
  <datafield tag="STA" ind1=" " ind2=" ">
   <subfield code="a">NEZPRACOVANÝ IMPORT</subfield>
  </datafield>
  <datafield tag="040" ind1=" " ind2=" ">
   <subfield code="a">ABA006</subfield>
   <subfield code="b">cze</subfield>
   <subfield code="c">ABA006</subfield>
   <subfield code="d">ABA006</subfield>
   <subfield code="e">rda</subfield>
  </datafield>
  <datafield tag="100" ind1="1" ind2=" ">
   <subfield code="a">Pašková, Monika</subfield>
   <subfield code="%">ISIS:170538</subfield>
   <subfield code="4">dis</subfield>
  </datafield>
  <datafield tag="242" ind1="1" ind2="0">
   <subfield code="a">Legal sanctions related to greenwashing of food products</subfield>
   <subfield code="y">eng</subfield>
  </datafield>
  <datafield tag="245" ind1="1" ind2="0">
   <subfield code="a">Právní sankce související s greenwashingem potravinářských výrobků /</subfield>
   <subfield code="c">Monika Pašková</subfield>
  </datafield>
  <datafield tag="264" ind1=" " ind2="0">
   <subfield code="c">2025</subfield>
  </datafield>
  <datafield tag="300" ind1=" " ind2=" ">
   <subfield code="a">?? stran :</subfield>
   <subfield code="3">digital, PDF soubor</subfield>
  </datafield>
  <datafield tag="500" ind1=" " ind2=" ">
   <subfield code="a">Vedoucí práce: Nicole Grmelová</subfield>
  </datafield>
  <datafield tag="502" ind1=" " ind2=" ">
   <subfield code="a">Bakalářská práce (Bc.)—Vysoká škola ekonomická v Praze. Fakulta mezinárodních vztahů, 2026</subfield>
  </datafield>
  <datafield tag="504" ind1=" " ind2=" ">
   <subfield code="a">Obsahuje bibliografii</subfield>
  </datafield>
  <datafield tag="516" ind1=" " ind2=" ">
   <subfield code="a">Textový (vysokoškolská kvalifikační práce)</subfield>
  </datafield>
  <datafield tag="518" ind1=" " ind2=" ">
   <subfield code="a">Rok obhajoby 2026</subfield>
  </datafield>
  <datafield tag="520" ind1="3" ind2=" ">
   <subfield code="a">Globální nárůst spotřebitelského zájmu o udržitelnost vedl k tomu, že greenwashing (klamavá environmentální tvrzení) se stal jednou z nejrozšířenějších forem nekalých obchodních praktik, což má zásadní negativní dopady na spotřebitele a hospodářskou soutěž. Tato práce si klade za hlavní cíl provést právní a komparativní analýzu aplikačního rámce sankcionování greenwashingu v potravinářském průmyslu na příkladech z České republiky a Nizozemska , a na základě zjištěných rozdílů navrhnout doporučení pro zvýšení efektivity české úpravy. Metodika kombinuje analýzu primárních a sekundárních právních zdrojů, včetně nové unijní legislativy (Směrnice 2024/825, GCD) a judikatury (např. kauza Green Swan a Fossielvrij vs. KLM) , s kvalitativním rozhovorem s klíčovými experty z nizozemského Úřadu pro spotřebitele a trhy (ACM) a samoregulačního orgánu (SRC). Zjištění potvrdila, že klíčový rozdíl v efektivitě regulace spočívá v rovině právní transparentnosti, proaktivního dohledu a vynutitelnosti samoregulace. Nizozemsko dosahuje vyšší efektivity díky proaktivnímu dohledu ACM, která vydala závazné Pokyny pro tvrzení o udržitelnosti , a silné samoregulaci ze strany RCC/SRC, jejíž nálezy slouží jako spouštěč pro následné šetření ACM. Naopak v ČR se dozorové orgány (ČOI a SZPI) potýkají s absencí explicitně vedených sankcí za greenwashing a s nízkou transparentností metodiky. Zásadní rozdíl byl zjištěn také v oblasti hromadných žalob: Nizozemský zákon WAMCA (Wet Afwikkeling Massaschade in Collectieve Actie) s režimem opt-out výrazně zvyšuje litigační riziko pro korporace , zatímco česká transpozice směrnice zvolila konzervativní model opt-in pro náhradu újmy, což limituje odstrašující účinek. Závěr práce navrhuje pro Českou republiku implementovat po vzoru ACM závazné metodick</subfield>
  </datafield>
  <datafield tag="538" ind1=" " ind2=" ">
   <subfield code="a">Způsob přístupu: Internet</subfield>
  </datafield>
  <datafield tag="653" ind1="0" ind2=" ">
   <subfield code="a">mezinárodní obchod [obor bakal. práce]</subfield>
  </datafield>
  <datafield tag="655" ind1=" " ind2="7">
   <subfield code="a">bakalářské práce</subfield>
   <subfield code="7">fd132403</subfield>
   <subfield code="2">czenas</subfield>
  </datafield>
  <datafield tag="655" ind1=" " ind2="9">
   <subfield code="a">bachelor's theses</subfield>
   <subfield code="2">eczenas</subfield>
  </datafield>
  <datafield tag="690" ind1=" " ind2=" ">
   <subfield code="a">Greenwashing</subfield>
  </datafield>
  <datafield tag="690" ind1=" " ind2=" ">
   <subfield code="a">Právní sankce</subfield>
  </datafield>
  <datafield tag="690" ind1=" " ind2=" ">
   <subfield code="a">Hromadné žaloby</subfield>
  </datafield>
  <datafield tag="690" ind1=" " ind2=" ">
   <subfield code="a">Ochrana spotřebitele</subfield>
  </datafield>
  <datafield tag="690" ind1=" " ind2=" ">
   <subfield code="a">Nekalé obchodní praktiky</subfield>
  </datafield>
  <datafield tag="700" ind1="1" ind2=" ">
   <subfield code="a">Grmelová, Nicole,</subfield>
   <subfield code="d">1975-</subfield>
   <subfield code="7">mzk2013792694</subfield>
   <subfield code="4">ths</subfield>
  </datafield>
  <datafield tag="700" ind1="1" ind2=" ">
   <subfield code="a">Tomčiak, Petr</subfield>
   <subfield code="%">ISIS:127219</subfield>
   <subfield code="4">opn</subfield>
  </datafield>
  <datafield tag="710" ind1="2" ind2=" ">
   <subfield code="a">Vysoká škola ekonomická v Praze.</subfield>
   <subfield code="b">Fakulta mezinárodních vztahů</subfield>
   <subfield code="7">kn20010709400</subfield>
   <subfield code="4">dgg</subfield>
  </datafield>
  <datafield tag="856" ind1="4" ind2="0">
   <subfield code="u">https://insis.vse.cz/zp/88515/podrobnosti</subfield>
   <subfield code="y">VŠKP v InSIS</subfield>
  </datafield>
  <datafield tag="856" ind1="4" ind2="0">
   <subfield code="u">https://insis.vse.cz/zp/88515</subfield>
   <subfield code="y">Hlavní práce</subfield>
  </datafield>
  <datafield tag="856" ind1="4" ind2="0">
   <subfield code="u">https://insis.vse.cz/zp/88515/posudek/vedouci</subfield>
   <subfield code="y">Hodnocení vedoucího</subfield>
  </datafield>
  <datafield tag="856" ind1="4" ind2="0">
   <subfield code="u">https://insis.vse.cz/zp/88515/posudek/oponent/88953</subfield>
   <subfield code="y">Oponentura</subfield>
  </datafield>
  <datafield tag="999" ind1="4" ind2="0">
   <subfield code="u">https://insis.vse.cz/zp/88515/podrobnosti</subfield>
   <subfield code="y">dc:identifier</subfield>
  </datafield>
  <datafield tag="993" ind1=" " ind2=" ">
   <subfield code="x">NEPOSILAT</subfield>
   <subfield code="y">VSKP</subfield>
  </datafield>
  <datafield tag="999" ind1="4" ind2="9">
   <subfield code="a">vse88515</subfield>
   <subfield code="b">260113</subfield>
  </datafield>
  <datafield tag="999" ind1="4" ind2="5">
   <subfield code="x">88515</subfield>
  </datafield>
 </record>
</collection>
